Utilisateurs des 3 types de Haki dans One Piece - Statistiques

Statistiques générales
  • Ce quiz a été pris 2 693 fois
  • Le résultat moyen est 33 sur 106
Statistiques - réponses
Haki de l'Armement Haki de l'Observation Haki des Rois Personnage % Correct
x x x Monkey D. Luffy
98%
x x x Roronoa Zoro
93%
x x Sanji
90%
x x x Shanks
84%
x x x Kaido
83%
x x Gol D. Roger
82%
x x x Charlotte Katakuri
75%
x x Monkey D. Garp
75%
x x Trafalgar D. Water Law
73%
x x Portgas D. Ace
72%
x Usopp
72%
x x x Eustass Kid
71%
x x x Don Quichotte Doflamingo
70%
x x Sakazuki (Akainu)
68%
x x x Charlotte Linlin
66%
x x x Silvers Rayleigh
66%
x x Kuzan (Aokiji)
65%
x x Marshall D. Teach
65%
x x Sabo
65%
x x x Edward Newgate
63%
x x Borsalino (Kizaru)
62%
x x Dracule Mihawk
61%
x x x Boa Hancock
57%
x x Marco
56%
x x x Sengoku
56%
x Queen
55%
x x Kozuki Oden
51%
x x Jinbei
48%
x x Issho (Fujitora)
46%
x x Charlotte Cracker
45%
x x Charlotte Smoothie
42%
x x Smoker
39%
x x Kinemon
35%
x x Rob Lucci
35%
x Koby
34%
x x Charlotte Perospero
33%
x x Joz
33%
x x X Drake
33%
x Basil Hawkins
31%
x x Vista
31%
x x x Yamato
30%
x x Kaku
29%
x x Charlotte Oven
27%
x x Pica
27%
x x Vergo
26%
x x Ulti
25%
x x x Chinjao
24%
x x Diamante
24%
x x Tashigi
23%
x x Kurozumi Kanjuro
22%
x Black Maria
21%
x Hermep
21%
x x Jesus Burgess
21%
x Page One
21%
x x Trébol
21%
x Who's-Who
21%
x Kozuki Momonosuke
20%
x x Cavendish
19%
x x Charlotte Daifuku
19%
x x Nekomamushi
19%
x x Boa Sandersonia
18%
x x Kalifa
18%
x x Boa Marigold
17%
x Enel
17%
x x Inuarashi
17%
x x Pedro
17%
x Sasaki
16%
x x Blueno
15%
x x Jabura
14%
x x Sai
14%
x x Bellamy
13%
x Denjiro
13%
x x Sentomaru
13%
x x Tsuru
13%
x x Momonga
12%
x x Pekoms
12%
x x Edward Weevil
10%
x Kawamatsu
10%
x Rebecca
10%
x x Stussy
10%
x Ashura Doji
9%
x Crocus
9%
x Hyogoro
9%
x Shirahoshi
9%
x x Tamago
9%
x x Fukuro
8%
x x Kumadori
8%
x Ryuma
8%
x Aisa
7%
x Izou
7%
x x Kikunojo
7%
x Ohm
7%
x Satori
7%
x x Bastille
6%
x Boo
6%
x Gedatsu
5%
x Shura
5%
x Hotori
3%
x Kotori
3%
x Otohime
3%
x Calgara
2%
x Charlotte Cadenza
2%
x Charlotte Counter
2%
x Charlotte Raisin
2%
x Marguerite
2%
x Draw
1%
Aucun quiz correspondant
Distribution des résultats
% des personnes avec chaque résultat
Percentile par nombre de réponses
Votre historique - résultats
Vous n’avez pas pris ce quiz